Представление документа в формате RUSMARC

ПолеНазваниеЗначение
  Тип записи a
  Библиографический уровень m
001 Контрольный номер SKBR/6a23a9ba-535b-4e53-99b8-925c4ee15431
005 Дата корректировки 20260514123119.7
010 Индекс ISBN __
a ISBN 978-5-907962-39-2
035 Другие системные номера __
a Идентификатор записи RU\NLR\BIBL_A\022693736
100 Данные общей обработки __
a Данные общей обработки 20251223d2026 am y0rusy028902 ca
101 Язык документа 0_
a Язык текста rus
102 Страна публикации __
a Страна публикации RU
105 Кодированные данные (монография) __
a Кодированные данные (монография) y z 000ay
181 Поле кодированных данных: вид содержания _0
a Код вида содержания (ISBD) i
182 Поле кодированных данных: тип средства _0
a Код типа средства (ISBD) n
200 Заглавие и сведения об ответственности 1_
a Заглавие Год Горгиппии
f Первые сведения об ответственности Софа Вернер
g Последующие сведения об ответственности иллюстратор Ника Шарманка
203 Вид содержания и тип средства __
a Вид содержания Текст
c Тип средства непосредственный
210 Выходные данные 1_
a Место издания Москва
c Издательство Полынь
c Издательство Теория невероятности
d Дата издания 2026
215 Физическое описание __
d Формат 21 см
a Объем 492, [3] с.
c Иллюстрации/тип воспроизводства ил.
330 Аннотация __
a Аннотация После климатической катастрофы античный мир возродился на берегу Чёрного моря. Царевна Ксанфа приезжает в Горгиппию, чтобы принять участие в Олимпийских играх, которые проводятся во славу Богов - Солнца, Земли и Моря. Её учителем становится бывший чемпион Ираид, который должен подготовить царевну к соревнованиям: несмотря на не самые выдающиеся успехи в атлетике, она должна стать победительницей. Однако в борьбу за выигрыш врывается Шамсия - кочевница из степных земель. Им придётся не только сражаться друг с другом, но и отстоять судьбу целого мира, который уничтожат Боги в случае Игр не по их правилам. Что ждёт героев - победа или смерть всего человечества?
333 Примечание о целевом назначении __
a Примечание о целевом назначении 16+. Для детей старше 16 лет
606 Тематические рубрики __
2 Код системы nlr_sh
a Основная рубрика Художественная литература
606 Тематические рубрики __
2 Код системы nlr_sh
a Основная рубрика Современная русская литература (произведения)
y Географическая подрубрика Горгиппия
610 Ключевые слова 0_
a Ключевые слова героическое фэнтези
610 Ключевые слова 0_
a Ключевые слова фэнтези
610 Ключевые слова 0_
a Ключевые слова фэнтезийные романы
610 Ключевые слова 0_
a Ключевые слова псевдоантичные цивилизации
610 Ключевые слова 0_
a Ключевые слова тема античности
610 Ключевые слова 0_
a Ключевые слова тема истории
610 Ключевые слова 0_
a Ключевые слова тема античных городов
610 Ключевые слова 0_
a Ключевые слова античные города
610 Ключевые слова 0_
a Ключевые слова античный мир
610 Ключевые слова 0_
a Ключевые слова молодежная литература
610 Ключевые слова 0_
a Ключевые слова молодежное фэнтези
610 Ключевые слова 0_
a Ключевые слова тема античного мира
610 Ключевые слова 0_
a Ключевые слова young adult
610 Ключевые слова 0_
a Ключевые слова антиутопии
610 Ключевые слова 0_
a Ключевые слова романы-антиутопии
610 Ключевые слова 0_
a Ключевые слова героическое фэнтези
610 Ключевые слова 0_
a Ключевые слова античные боги
610 Ключевые слова 0_
a Ключевые слова мифологическое фэнтези
610 Ключевые слова 0_
a Ключевые слова молодежное фэнтези
610 Ключевые слова 0_
a Ключевые слова постапокалипсис
610 Ключевые слова 0_
a Ключевые слова постапокалиптика
610 Ключевые слова 0_
a Ключевые слова тема постапокалипсиса
610 Ключевые слова 0_
a Ключевые слова климатические катастрофы
610 Ключевые слова 0_
a Ключевые слова тема соперничества
610 Ключевые слова 0_
a Ключевые слова тема спасения мира
610 Ключевые слова 0_
a Ключевые слова эпическое фэнтези
610 Ключевые слова 0_
a Ключевые слова тема сражений
610 Ключевые слова 0_
a Ключевые слова тема борьбы
610 Ключевые слова 0_
a Ключевые слова тема олимпийских игр
610 Ключевые слова 0_
a Ключевые слова тема кочевников
686 Индексы других классификаций __
2 Код системы rubbks
a Классификационный индекс 84(2=411.2)6-445; ст84(2=411.2)6-445
700 Автор _1
a Фамилия Вернер
b Имя С.
g Полное личное имя Софа
4 Код отношения 070
702 Вторичная интеллектуальная ответственность _1
a Фамилия Шарманка
b Имя Н.
g Полное личное имя Ника
4 Код отношения 440
801 Источник записи _0
a Страна RU
b Организация NLR
c Дата составления 20251223
g Правила каталогизации PSBO
801 Источник записи _1
a Страна RU
b Организация NLR
c Дата составления 20251223
g Правила каталогизации PSBO
801 Источник записи _2
a Страна RU
b Организация NLR
c Дата составления 20260102
2 Код формата rusmarc
g Правила каталогизации PSBO
852 Данные о местонахождении __
i Авторский знак В 35
j Шифр хранения 84(2=411.2)6-445
901 Тип документа __
a Ответственный ООФиК/Губина
t Тип документа m
901 Тип документа __
a Ответственный без партии
903 Характеристики (МАРС) __
a Дата передачи 20260513
c Наименование библиотеки (МАРС) Муниципальное бюджетное учреждение культуры "Централизованная библиотечная система" г. Сургут (Центральная городская библиотека им. А. С. Пушкина)
969 Тип издания __
a Тип издания молодежное издание